History Quiz: Did the Vikings Raid It? - Statistics

General Stats
  • This quiz has been taken 76 times
  • The average score is 8 of 15
Answer Stats
Question Answer % Correct
Canterbury Yes
92%
Norwich Yes
92%
Pisa No
69%
Seville Yes
62%
Rouen Yes
62%
Tangier No
54%
Glasgow No
54%
Cologne Yes
54%
Bordeaux Yes
54%
Maastricht Yes
46%
Volgograd No
38%
Valencia No
31%
Helsinki No
31%
Gdańsk No
31%
Cork No
15%
No matching quizzes found
Score Distribution
Percent of People with Each Score
Percentile by Number Answered
Your Score History
You have not taken this quiz